ਖਾਲਸੇ ਦੀ ਸ਼ਾਨ / (Record no. 109647)

MARC details
000 -LEADER
fixed length control field 00804nam a22002177a 4500
005 - DATE AND TIME OF LATEST TRANSACTION
control field 20170123164140.0
010 ## - LIBRARY OF CONGRESS CONTROL NUMBER
LC control number B-124108
020 ## - INTERNATIONAL STANDARD BOOK NUMBER
Terms of availability 120.00
International Standard Book Number 818873862
035 ## - SYSTEM CONTROL NUMBER
System control number B-124108
037 ## - SOURCE OF ACQUISITION
Source of stock number/acquisition Cen Lib / Ret
040 ## - CATALOGING SOURCE
Original cataloging agency DPL
Language of cataloging PN
082 ## - DEWEY DECIMAL CLASSIFICATION NUMBER
Classification number 851
Item number ਸੁਖਚ
100 ## - MAIN ENTRY--PERSONAL NAME
Personal name ਸੱਦੇਵਾਲੀਆਂ, ਸੁਖਚਰਨ
9 (RLIN) 5721
245 ## - TITLE STATEMENT
Title ਖਾਲਸੇ ਦੀ ਸ਼ਾਨ /
Statement of responsibility, etc ਸੁਖਚਰਨ ਸੱਦੇਵਾਲੀਆਂ
246 ## - VARYING FORM OF TITLE
Title proper/short title Khalsy de shaan
Remainder of title by Sukhcharan sadywalia
260 ## - PUBLICATION, DISTRIBUTION, ETC. (IMPRINT)
Place of publication, distribution, etc ਪੰਜਾਬ
Name of publisher, distributor, etc ਉਡਾਨ ਪਬਲਿਕੇਸ਼ਨਜ਼
270 ## - ADDRESS
Address ਵਾਟਰ ਵਰਕਸ ਰੋਡ,
City ਮਾਨਸਾ
Postal code 151505
300 ## - PHYSICAL DESCRIPTION
Extent 118p.
Other physical details 23cm(Hb)
650 ## - SUBJECT ADDED ENTRY--TOPICAL TERM
Topical term or geographic name as entry element ਧਰਮ -ਪੰਜਾਬੀ
9 (RLIN) 15844
942 ## - ADDED ENTRY ELEMENTS (KOHA)
Source of classification or shelving scheme Dewey Decimal Classification
Koha item type Punjabi Bks
Classification part 851
Call number suffix ਸੁਕਚ
Holdings
Withdrawn status Lost status Damaged status Not for loan Home library Current library Date acquired Source of acquisition Cost, normal purchase price Total Checkouts Full call number Barcode Date last seen Copy number Cost, replacement price Price effective from Koha item type
        Central Library Central Library 05/06/2015 Cen Lib / Ret 120.00   851 ਸੁਖਚ B-124108 05/06/2015 1 120.00 15/09/2016 Punjabi Bks

© Delhi Public Library
Hit Counter
free hit counter